01996nam a22003735a 450000500170000000800410001702000180005802000150007604000380009108200200012924501120014925000120026126000450027330000440031850000270036250000290038950001730041850400410059165000250063265000280065765000340068565100100071965300320072965500210076170000380078285600670082094200200088799900170090795201530092495201480107795201430122595201270136895201270149520171024141319.0150707t2015 paua frbd 001 0 eng d a9781451193886 a1451193882 aEG-ScBUEbengcEG-ScBUEdEG-ScBUE04a610.73bFUN22200aFundamentals of nursing :bthe art and science of person-centered nursing care /cCarol Taylor ... [et al.] a8th ed. aPhiladelphia :bWolters Kluwer,cc.2015. axxxii, 1784 p. :bill. (col.) ;c28 cm. aIndex : p. 1747-1784.  aGlossary : p. 1727-1746. aVisit http://thepoint.lww.com/activate to learn more about thePoint and the resources available. Use the code provided in the left page to access the student resources. aincludes bibliographical references. 7aNursing Care.2BUEsh 7aNursing Process.2BUEsh 7aPatient-Centered Care.2BUEsh 2BUEsh bNNURcJuly2015cOctober2017 vText book9337281 aTaylor, Carol.913818q(Carol R.) lAccess the student resourcesuhttp://thepoint.lww.com/activate 2ddck610.73 FUN c20281d20253 00102ddc40708BaccahaMAINbMAINc1STd2015-07-07ePurchaseg612.00h21764l2o610.73 FUNp000039366r2025-07-15 00:00:00s2016-11-14v765.00yNB 00102ddc4070aMAINbMAINc1STd2015-07-07ePurchaseg612.00h21764l9m6o610.73 FUNp000039367r2025-07-15 00:00:00s2023-10-29v765.00yBB 00102ddc40708BaccahaMAINbMAINc1STd2017-10-24ePurchaseg1120.00l4m55o610.73 FUNp000046812r2025-07-15 00:00:00s2023-12-20yBB 00102ddc40708BaccahaMAINbMAINc1STd2017-10-24ePurchaseg1120.00l0o610.73 FUNp000046813r2025-07-15 00:00:00yBB 00102ddc40708BaccahaMAINbMAINc1STd2017-10-24ePurchaseg1120.00l0o610.73 FUNp000046814r2025-07-15 00:00:00yBB